A text book of different equations (Record no. 6082)

MARC details
000 -LEADER
fixed length control field 00881 a2200229 4500
005 - DATE AND TIME OF LATEST TRANSACTION
control field 20080825122249.0
008 - FIXED-LENGTH DATA ELEMENTS--GENERAL INFORMATION
fixed length control field 080825t xxu||||| |||| 00| 0 eng d
010 ## - LIBRARY OF CONGRESS CONTROL NUMBER
LC control number ENG-87117
020 ## - INTERNATIONAL STANDARD BOOK NUMBER
Terms of availability 225.00
International Standard Book Number 812090012X
035 ## - SYSTEM CONTROL NUMBER
System control number EN-70650
037 ## - SOURCE OF ACQUISITION
Source of stock number/acquisition DBAD / PUB
082 ## - DEWEY DECIMAL CLASSIFICATION NUMBER
Classification number 515.35
100 ## - MAIN ENTRY--PERSONAL NAME
Personal name Kapoor, N.M.
245 ## - TITLE STATEMENT
Title A text book of different equations
Statement of responsibility, etc by N.M. Kapoor
Remainder of title for degree and post-graduate course
250 ## - EDITION STATEMENT
Edition statement 12th ed.
260 ## - PUBLICATION, DISTRIBUTION, ETC. (IMPRINT)
Place of publication, distribution, etc New Delhi
Name of publisher, distributor, etc Pitambar Publishing
Date of publication, distribution, etc 2007
270 ## - ADDRESS
Address 888, East Park Road, Karol Bagh
City New Delhi
Postal code 110 005
Electronic mail address sales@diamondpublication.com
300 ## - PHYSICAL DESCRIPTION
Extent 847p.
Dimensions 25cm (pbk )
500 ## - GENERAL NOTE
General note Includes index
942 ## - ADDED ENTRY ELEMENTS (KOHA)
Institution code [OBSOLETE] dpl
Koha item type English Books
Call number prefix 515.35 / KAP
Source of classification or shelving scheme Dewey Decimal Classification
Classification part 515.35
Call number suffix KAP
Holdings
Withdrawn status Lost status Damaged status Not for loan Home library Current library Date acquired Cost, normal purchase price Total Checkouts Full call number Barcode Date last seen Copy number Uniform Resource Identifier Cost, replacement price Price effective from Koha item type
        D.B.Act.Division D.B.Act.Division 25/08/2008 225.00   515.35 KAP EN-70650 15/09/2008 1 8165 225.00 15/09/2008 English Books

© Delhi Public Library
Hit Counter
free hit counter